000 00867nam a22001697a 4500
008 090225t xxu||||| |||| 00| 0 eng d
050 _aBV1471.1
_b.E38 1987
245 _aEducation for christian living:
_bstrategies for nurture based on biblical and historical foundations
_cedited Marvin L. Roloff
260 _aMinneapolis
_bAugsburgh publishing house
_c1987
300 _a236 p.;
_c23cm.
500 _aincludes bibliographical references and index
650 _bChristian education
700 _qRoloff, Marvin
942 _2lcc
_cBK
999 _c33559
_d33559